000 00573nam a2200229Ia 4500
003 OSt
005 20220918204201.0
006 a|||||r|||| 00| 0
007 ta
008 220917b |||||||| |||| 00| 0 eng d
024 _a111,347
037 _cTextual
040 _aARTS
_cARTS
_beng
041 _2eng
_aeng
082 _aV53:1DA:N7, K8
100 _aGilpin R
_9110985
245 0 _aFrance in the age of the sciencetific state
260 _c1968
650 _aHISTORY
942 _hV53:1DA:N7, K8
_cTEXL
_2CC
999 _c234696
_d234696